Một số hiểu biết cơ bản về văn học -nghệ thuật và giáo dục thẩm mỹ

Salvato in:
Dettagli Bibliografici
Autore principale: Tổng cục chính trị
Natura: Libro
Lingua:Undetermined
Pubblicazione: H. QĐND 1998
Soggetti:
Tags: Aggiungi Tag
Nessun Tag, puoi essere il primo ad aggiungerne! !
Thư viện lưu trữ: Trung tâm Học liệu Trường Đại học Cần Thơ
LEADER 00597nam a2200181Ia 4500
001 CTU_53067
008 210402s9999 xx 000 0 und d
020 |b 24000 
082 |a 306.4 
082 |b T455 
100 |a Tổng cục chính trị 
245 0 |a Một số hiểu biết cơ bản về văn học -nghệ thuật và giáo dục thẩm mỹ 
245 0 |c Tổng cục chính trị 
260 |a H. 
260 |b QĐND 
260 |c 1998 
650 |a socialism and aesthetics,socialism and education 
980 |a Trung tâm Học liệu Trường Đại học Cần Thơ